Ethics in Psychotherapy and Counseling (Record no. 349377)
[ view plain ]
| 000 -LEADER | |
|---|---|
| fixed length control field | 00483nam a22001817a 4500 |
| 003 - CONTROL NUMBER IDENTIFIER | |
| control field | OSt |
| 005 - DATE AND TIME OF LATEST TRANSACTION | |
| control field | 20180116182947.0 |
| 008 - FIXED-LENGTH DATA ELEMENTS--GENERAL INFORMATION | |
| fixed length control field | 131002b xxu||||| |||| 00| 0 eng d |
| 020 ## - INTERNATIONAL STANDARD BOOK NUMBER | |
| International Standard Book Number | 9780470633076 |
| 040 ## - CATALOGING SOURCE | |
| Transcribing agency | 0 |
| 082 ## - DEWEY DECIMAL CLASSIFICATION NUMBER | |
| Classification number | 174.91583 POP 2011 |
| 100 ## - MAIN ENTRY--PERSONAL NAME | |
| Personal name | Kenneth S. Pope |
| 245 ## - TITLE STATEMENT | |
| Title | Ethics in Psychotherapy and Counseling |
| Remainder of title | A Practical Guide |
| Statement of responsibility, etc. | Kenneth S. Pope |
| 250 ## - EDITION STATEMENT | |
| Edition statement | 4th |
| 260 ## - PUBLICATION, DISTRIBUTION, ETC. | |
| Place of publication, distribution, etc. | New Jersey |
| Name of publisher, distributor, etc. | John Wiley & Sons,INC |
| Date of publication, distribution, etc. | 2011 |
| 300 ## - PHYSICAL DESCRIPTION | |
| Extent | 475p. |
| 942 ## - ADDED ENTRY ELEMENTS (KOHA) | |
| Source of classification or shelving scheme | |
| Koha item type | Book |
| Withdrawn status | Lost status | Source of classification or shelving scheme | Damaged status | Not for loan | Collection code | Permanent Location | Current Location | Shelving location | Date acquired | Total Checkouts | Full call number | Barcode | Date last seen | Price effective from | Koha item type | Date last checked out |
|---|---|---|---|---|---|---|---|---|---|---|---|---|---|---|---|---|
| Central Library (CL) | Central Library (CL) | General Stacks | 10/28/2013 | 174.91583 POP 2011 | NBSPS-66 | 10/28/2013 | 10/28/2013 | Book | ||||||||
| Central Library (CL) | Central Library (CL) | General Stacks | 10/28/2013 | 1 | 174.91583 POP 2011 | NBSPS-67 | 07/02/2014 | 10/28/2013 | Book | 02/04/2014 | ||||||
| Central Library (CL) | Central Library (CL) | General Stacks | 10/28/2013 | 174.91583 POP 2011 | NBSPS-68 | 10/28/2013 | 10/28/2013 | Book | ||||||||
| Central Library (CL) | Central Library (CL) | General Stacks | 10/28/2013 | 174.91583 POP 2011 | NBSPS-69 | 10/28/2013 | 10/28/2013 | Book | ||||||||
| Central Library (CL) | Central Library (CL) | General Stacks | 10/28/2013 | 174.91583 POP 2011 | NBSPS-70 | 10/28/2013 | 10/28/2013 | Book |
